000 00475ntaaa2200169 4500
003 01
005 20251027202531.0
008 0714s1973 ag 01
040 _aAR-BaBN
_bspa
_cAR-BaBN
_eaacr
_dRIC
082 _a922.6000 Sh1
100 _aShakespeare, J.H.
_924360
245 _aBaptist and Congregational Pioneers
250 _a1 ed. :
_bNational Council fo Evangelical Free Churches,
_cc1906
300 _a196 p.
650 _aIglesia Bautista-Historia
_94637
942 _cBK
999 _c20388
_d20388